Problémy merania efektívnosti zmien organizačnej štruktúry riadenia k výskumnej správe za 1. etapu riešenia
Na minha lista:
| Autor principal: | |
|---|---|
| Outros Autores: | |
| Formato: | Livro |
| Idioma: | eslovaco |
| Publicado em: |
Bratislava
Vysoká škola ekonomická
1982
|
| Tags: |
Sem tags, seja o primeiro a adicionar uma tag!
|
MARC
| LEADER | 00000nam a2200000 4500 | ||
|---|---|---|---|
| 001 | c127248 | ||
| 005 | 20250708102822.3 | ||
| 041 | 0 | |a slo | |
| 044 | |a SK | ||
| 245 | 1 | 0 | |a Problémy merania efektívnosti zmien organizačnej štruktúry riadenia |b k výskumnej správe za 1. etapu riešenia |c Michal Leščišin, Michal Szilágyi |
| 264 | 1 | |a Bratislava |b Vysoká škola ekonomická |c 1982 | |
| 300 | |a 81 s. | ||
| 100 | 1 | |a Leščišin, Michal | |
| 700 | 1 | |a Szilágyi, M. | |